Lincoln Group of Chicago collection relating to Abraham Lincoln, (Record no. 44807)

MARC details
000 -LEADER
fixed length control field 01470cpcaa2200313 a 4500
001 - CONTROL NUMBER
control field mm2009085489
003 - CONTROL NUMBER IDENTIFIER
control field DLC
005 - DATE AND TIME OF LATEST TRANSACTION
control field 20260227111731.0
007 - PHYSICAL DESCRIPTION FIXED FIELD--GENERAL INFORMATION
fixed length control field cr |||||||||||
008 - FIXED-LENGTH DATA ELEMENTS--GENERAL INFORMATION
fixed length control field 090831|||||||||||| eng
010 ## - LIBRARY OF CONGRESS CONTROL NUMBER
LC control number mm2009085489
040 ## - CATALOGING SOURCE
Original cataloging agency DLC
Transcribing agency DLC
Description conventions dacs
Modifying agency DLC
072 #7 - SUBJECT CATEGORY CODE
Subject category code W
Source lcmd
110 2# - MAIN ENTRY--CORPORATE NAME
Corporate name or jurisdiction name as entry element Lincoln Group of Chicago.
245 00 - TITLE STATEMENT
Title Lincoln Group of Chicago collection relating to Abraham Lincoln,
Inclusive dates 1903-1952
Bulk dates (bulk 1935-1939).
300 ## - PHYSICAL DESCRIPTION
Extent 75
Type of unit items.
300 ## - PHYSICAL DESCRIPTION
Extent 2
Type of unit containers.
300 ## - PHYSICAL DESCRIPTION
Extent 0.6
Type of unit linear feet.
506 0# - RESTRICTIONS ON ACCESS NOTE
Terms governing access Open to research.
520 8# - SUMMARY, ETC.
Summary, etc. Chiefly speeches and writings by and for members of the Lincoln Group of Chicago. Also includes correspondence and other material pertaining to the acquisition of a Lincoln portrait.
545 1# - BIOGRAPHICAL OR HISTORICAL DATA
Biographical or historical data Society composed of authors, collectors, and students of Abraham Lincoln. Organized in 1930 to encourage research on Abraham Lincoln.
546 ## - LANGUAGE NOTE
Language note Collection material in English.
555 8# - CUMULATIVE INDEX/FINDING AIDS NOTE
Cumulative index/finding aids note Finding aid available in the Library of Congress Manuscript Reading Room and at
Uniform Resource Identifier <a href="http://hdl.loc.gov/loc.mss/eadmss.ms010122">http://hdl.loc.gov/loc.mss/eadmss.ms010122</a>
600 10 - SUBJECT ADDED ENTRY--PERSONAL NAME
Personal name Lincoln, Abraham,
Dates associated with a name 1809-1865.
856 4# - ELECTRONIC LOCATION AND ACCESS
Materials specified Finding aid
Uniform Resource Identifier <a href="http://hdl.loc.gov/loc.mss/eadmss.ms010122">http://hdl.loc.gov/loc.mss/eadmss.ms010122</a>
856 4# - ELECTRONIC LOCATION AND ACCESS
Materials specified Finding aid (PDF)
Uniform Resource Identifier <a href="http://hdl.loc.gov/loc.mss/eadmss.ms010122.3">http://hdl.loc.gov/loc.mss/eadmss.ms010122.3</a>

No items available.

Powered by Koha